<?xml version="1.0" encoding="UTF-8"?>
<collection xmlns="http://www.loc.gov/MARC21/slim">
 <record>
  <leader>02141aam a22002298a 4500</leader>
  <controlfield tag="001">NCT_19981</controlfield>
  <controlfield tag="008">160713s2016                  ||||||viesd</controlfield>
  <datafield tag="999" ind1=" " ind2=" ">
   <subfield code="c">950</subfield>
   <subfield code="d">950</subfield>
  </datafield>
  <datafield tag="020" ind1=" " ind2=" ">
   <subfield code="c">150000</subfield>
  </datafield>
  <datafield tag="082" ind1="0" ind2="4">
   <subfield code="2">23rd ed.</subfield>
   <subfield code="a">332.63</subfield>
   <subfield code="b">H305</subfield>
  </datafield>
  <datafield tag="100" ind1="1" ind2=" ">
   <subfield code="a">Đinh Thế Hiển</subfield>
   <subfield code="e">Chủ biên</subfield>
  </datafield>
  <datafield tag="245" ind1="1" ind2="0">
   <subfield code="a">Lập - Thẩm định hiệu quả tài chính dự án đầu tư :</subfield>
   <subfield code="b">Lý thuyết tài chính hiện đại về DAĐT. Giới thiệu và hướng dẫn tính hiệu quả các DAĐT thực tế tại VN. Tài liệu tham khảo về DAĐT. Kèm CD bài giải tính hiệu quả DAĐT và tài liệu tham khảo</subfield>
   <subfield code="c">Đinh Thế Hiển</subfield>
  </datafield>
  <datafield tag="260" ind1=" " ind2=" ">
   <subfield code="a">H.</subfield>
   <subfield code="b">Thống kê</subfield>
   <subfield code="c">2009</subfield>
  </datafield>
  <datafield tag="300" ind1=" " ind2=" ">
   <subfield code="a">551 tr.</subfield>
   <subfield code="c">28 cm</subfield>
  </datafield>
  <datafield tag="520" ind1="3" ind2=" ">
   <subfield code="a">Đây là cuốn sách rất cần thiết để tham khảo, tìm hiểu vận dụng trong công tác thiết lập cũng như thẩm định dự án đầu tư. Nội dung cuốn sách trình bày chi tiết về nhiều kỹ thuật phân tích hiệu quả Dự án đầu tư mà tác giả đã nghiên cứu, giải quyết trong nhiều năm làm công tác tư vấn và thảm định dự án. Một trong những quyển sách hàng đầu về dự án đầu tư hiện nay.</subfield>
  </datafield>
  <datafield tag="653" ind1=" " ind2=" ">
   <subfield code="a">Tài chính - Ngân hàng</subfield>
  </datafield>
  <datafield tag="942" ind1=" " ind2=" ">
   <subfield code="2">ddc</subfield>
   <subfield code="c">BK</subfield>
  </datafield>
  <datafield tag="952" ind1=" " ind2=" ">
   <subfield code="0">0</subfield>
   <subfield code="1">0</subfield>
   <subfield code="2">ddc</subfield>
   <subfield code="4">0</subfield>
   <subfield code="6">332_630000000000000_H305</subfield>
   <subfield code="7">0</subfield>
   <subfield code="9">5807</subfield>
   <subfield code="a">000001</subfield>
   <subfield code="b">000001</subfield>
   <subfield code="d">2017-12-21</subfield>
   <subfield code="o">332.63 H305</subfield>
   <subfield code="p">MD.06283</subfield>
   <subfield code="r">2017-12-21</subfield>
   <subfield code="v">150000.00</subfield>
   <subfield code="w">2017-12-21</subfield>
   <subfield code="y">BK</subfield>
  </datafield>
  <datafield tag="952" ind1=" " ind2=" ">
   <subfield code="0">0</subfield>
   <subfield code="1">0</subfield>
   <subfield code="2">ddc</subfield>
   <subfield code="4">0</subfield>
   <subfield code="6">332_630000000000000_H305</subfield>
   <subfield code="7">0</subfield>
   <subfield code="9">5808</subfield>
   <subfield code="a">000001</subfield>
   <subfield code="b">000001</subfield>
   <subfield code="d">2017-12-21</subfield>
   <subfield code="o">332.63 H305</subfield>
   <subfield code="p">MD.06284</subfield>
   <subfield code="r">2017-12-21</subfield>
   <subfield code="v">150000.00</subfield>
   <subfield code="w">2017-12-21</subfield>
   <subfield code="y">BK</subfield>
  </datafield>
  <datafield tag="952" ind1=" " ind2=" ">
   <subfield code="0">0</subfield>
   <subfield code="1">0</subfield>
   <subfield code="2">ddc</subfield>
   <subfield code="4">0</subfield>
   <subfield code="6">332_630000000000000_H305</subfield>
   <subfield code="7">0</subfield>
   <subfield code="9">5809</subfield>
   <subfield code="a">000001</subfield>
   <subfield code="b">000001</subfield>
   <subfield code="d">2017-12-21</subfield>
   <subfield code="l">2</subfield>
   <subfield code="m">1</subfield>
   <subfield code="o">332.63 H305</subfield>
   <subfield code="p">MD.06285</subfield>
   <subfield code="q">2022-03-05</subfield>
   <subfield code="r">2022-02-19</subfield>
   <subfield code="s">2022-02-19</subfield>
   <subfield code="v">150000.00</subfield>
   <subfield code="w">2017-12-21</subfield>
   <subfield code="y">BK</subfield>
  </datafield>
  <datafield tag="952" ind1=" " ind2=" ">
   <subfield code="0">0</subfield>
   <subfield code="1">0</subfield>
   <subfield code="2">ddc</subfield>
   <subfield code="4">0</subfield>
   <subfield code="6">332_630000000000000_H305</subfield>
   <subfield code="7">0</subfield>
   <subfield code="9">5810</subfield>
   <subfield code="a">000001</subfield>
   <subfield code="b">000001</subfield>
   <subfield code="d">2017-12-21</subfield>
   <subfield code="l">2</subfield>
   <subfield code="m">1</subfield>
   <subfield code="o">332.63 H305</subfield>
   <subfield code="p">MD.06286</subfield>
   <subfield code="r">2021-01-20</subfield>
   <subfield code="s">2020-10-16</subfield>
   <subfield code="v">150000.00</subfield>
   <subfield code="w">2017-12-21</subfield>
   <subfield code="y">BK</subfield>
  </datafield>
  <datafield tag="980" ind1=" " ind2=" ">
   <subfield code="a">Thư viện Trường Đại học Nam Cần Thơ</subfield>
  </datafield>
 </record>
</collection>
